Preparation of 1-(o-aminobenzoyl)-1-methylhydrazines

Elmentve itt :
Bibliográfiai részletek
Szerzők: Fülöp Ferenc
Pihlaja Kalevi
Dokumentumtípus: Cikk
Megjelent: 1991
Sorozat:Kolligátum
Kulcsszavak:Heterociklusos vegyületek
Online Access:http://misc.bibl.u-szeged.hu/26847
LEADER 00595nab a2200181 i 4500
001 misc26847
005 20191111110240.0
008 170929s1991 hu o 0|| zxx d
040 |a SZTE Miscellanea Repozitórium  |b hun 
041 |a zxx 
100 1 |a Fülöp Ferenc 
245 1 0 |a Preparation of 1-(o-aminobenzoyl)-1-methylhydrazines  |h [elektronikus dokumentum] /  |c  Fülöp Ferenc 
260 |c 1991 
300 |a 377-378 
490 0 |a Kolligátum 
695 |a Heterociklusos vegyületek 
700 0 1 |a Pihlaja Kalevi  |e aut 
856 4 0 |u http://misc.bibl.u-szeged.hu/26847/1/019_016_377-378.pdf  |z Dokumentum-elérés